| 000 | 00493nam a2200157 a 4500 | ||
|---|---|---|---|
| 005 | 20140412111233.0 | ||
| 008 | 010426s19uu xx 00 eng d | ||
| 020 | _a971-19-0058-0 | ||
| 050 |
_aFil E _bBr78 1991 |
||
| 245 |
_aThe broken bamboo : _ba modern day parable / _cSonoloux Asia. |
||
| 260 |
_aManila, Philippines : _bCacho Publishing House, Inc, _c1991. |
||
| 300 | _a1v. (unp.) ; ill. | ||
| 440 | _aThe Modern Dary Parable Series | ||
| 650 | _aParable, Philippines | ||
| 999 |
_c102259 _d102259 |
||